| 000 | 01610nam a2200253Ia 4500 | ||
|---|---|---|---|
| 003 | Ost | ||
| 005 | 20260507075429.0 | ||
| 008 | 260507s9999||||xx |||||||||||||| ||und|| | ||
| 020 | _a9775125435 | ||
| 040 | _cfsecg | ||
| 041 | _aara | ||
| 082 | _a301.31 | ||
| 100 |
_aالبنا، جلال _eمؤلف |
||
| 245 | 0 |
_aالمعايير الاقتصادية للمشكلات البيئية و القوانين المتعلقة بها : _bالمسار الامريكي / _c جلال البنا |
|
| 260 |
_aالاسكندرية: _bالمكتب العربي الحديث, _c2007 |
||
| 300 |
_a285 صفحة؛ _bإيضاحات ؛ _c25 سم |
||
| 504 | _aببليوغرافيا: ص.275-285 | ||
| 520 | _aالرؤى المستقبلية، اقتصاديات البيئة، حقوق الملكية، الوفرات الخارجية، المشاكل البيئية، تنظيم السوق: معلومات وعدم التأكد، توجيه الموارد المستنزفة، والموارد المتجددة، نظرة عامة على اقتصاديات مراقبة التلويث، مراقبة المورد الثابت الهواء المحاى، الملوثات الاقليمية والعولمية: المطر الحامض والتعديلات المناخية، مراقبة المصدر المحمول لتلويث الهواء، مراقبة تلويث المياه، المواد السمية، سياسة مراقبة التلوث: تأثيرات توزيعية | ||
| 653 | _aالاقتصاد | ||
| 653 | _aالبيئة | ||
| 653 | _aالمياه | ||
| 653 | _aالهواء | ||
| 942 | _cكتاب | ||
| 999 |
_c44501 _d44501 |
||